Can You Name All The Characteristics Of Cordelius From Brawl Stars? - Statistics

General Stats
  • This quiz has been taken 2 times
  • The average score is 7 of 15
Answer Stats
Hint Answer % Correct
Class Assassin
100%
Rarity Legendary
100%
Buffies No
100%
Title Toxic
100%
Star Power Comboshrooms
50%
Trio Enchanted Woods
50%
Star Power Mushroom Kingdom
50%
Gadgets Poison Mushroom
50%
Prestige Title Spore Warden
50%
Super This Is My Domain
50%
Hypercharge Complete Darkness
0%
Attack Mushrooms
0%
Voice Actor Nicholas Contreras
0%
Trait Radius
0%
Gadgets Replanting
0%
No matching quizzes found
Score Distribution
Percent of People with Each Score
Percentile by Number Answered
Your Score History
You have not taken this quiz